Mémoires 1850 - 1860
Na minha lista:
| Autor Corporativo: | |
|---|---|
| Formato: | Livro |
| Idioma: | inglês francês |
| Publicado em: |
Copenhague
Secrétariat de la Societé
1861
|
| Edição: | 1a. ed |
| Assuntos: | |
| Tags: |
Adicionar Tag
Sem tags, seja o primeiro a adicionar uma tag!
|
MARC
| LEADER | 00000nam a2200000 a 4500 | ||
|---|---|---|---|
| 001 | UCJ7425 | ||
| 003 | CL-VaPUC | ||
| 008 | 070124e18610000DK |||||||||||||||||eng|d | ||
| 041 | 0 | 7 | |a eng |2 CL-VaPUC |
| 041 | 0 | 7 | |a fre |2 CL-VaPUC |
| 082 | 0 | 4 | |a 700 |b SOC |2 21 |
| 110 | 2 | |a Société Royale des Antiquaires du Nord |e author |9 515810 | |
| 245 | 1 | 0 | |a Mémoires 1850 - 1860 |
| 250 | |a 1a. ed | ||
| 300 | |a 444 p | ||
| 942 | |c BK | ||
| 945 | |d 20070124 00:00:00 |a rinostro | ||
| 260 | |a Copenhague |b Secrétariat de la Societé |c 1861 | ||
| 500 | |a Ilustraciones sin indizar | ||
| 650 | 0 | |a Anticuarios |9 512344 | |
| 650 | 0 | |a Arqueología |9 265619 | |
| 650 | 7 | |a SOCIEDADES DOCTAS |2 CL-VaPUC |9 508648 | |
| 650 | 0 | |a Ilustraciones |9 369481 | |
| 583 | |a last modification |c 20070124 00:00:00 |k Rodrigo Vera | ||
| 999 | |c 323510 |d 323508 | ||
| 952 | |0 0 |1 0 |4 0 |6 700_000000000000000_SOC_1861 |7 0 |8 X |9 403183 |a FDOBUD |b FDOBUD |d 2019-11-22 |i 1063618 |o 700 SOC 1861 |p 1063618 |r 2019-11-22 |w 2019-11-22 |y BK_X |k BUD | ||